| 000 | 00637nam a22001697a 4500 | ||
|---|---|---|---|
| 082 |
_a891.4394 _bABD |
||
| 100 | _aDr.Sayed Abdullah | ||
| 245 |
_aWajeeh sa Abdul Haq tak/ _c Dr. Sayed Abdullah |
||
| 260 |
_alahore: _bSang-e-Meel Publications/ _c2016. |
||
| 300 |
_a328p. : _c26cm. |
||
| 563 | _aHB | ||
| 650 |
_aLiterary Evolution from Wajeeh to Abdul Haq _9129597 |
||
| 880 |
_6100-01\(3\r _aڈاکٹر سید عبداللہ |
||
| 880 |
_6245-02\(3\r _a واجہ سے عبد الحق تک/ _bڈاکٹر سید عبداللہ |
||
| 880 |
_6260-03\(3\r _aلاہور: _bسنگِ میل پبلکیشنز, _c2016. |
||
| 942 |
_2ddc _cBK |
||
| 999 |
_c614211 _d614211 |
||